Länderflaggen als Kreisdiagramm #5 - Statistiken

Allgemein
  • Dieses Quiz wurde 34 mal gespielt
  • Das Durchschnittsergebnis liegt bei 10 aus 20
Antwortstatistiken
Bildquiz Antwort % Korrekt
Deutschland
93%
Elfenbeinküste
93%
Irland
93%
Monaco
89%
Bhutan
81%
Vietnam
81%
Mauritius
74%
Gabun
70%
Kosovo
67%
Saudi Arabien
59%
Uganda
44%
Kolumbien
30%
Libanon
30%
Nauru
30%
Bolivien
26%
Tuvalu
26%
Nordmazedonien
11%
Turkmenistan
11%
Mongolei
7%
Simbabwe
4%
Keine übereinstimmenden Quizze gefunden
Verteilung der Resultate
Anzahl Personen mit jedem Resultat
Perzentil nach korrekt beantworteten Fragen
Ihre Resultats-Entwicklung
Sie haben dieses Quiz noch nicht gespielt